000 00590 a2200181 4500
001 2791
005 20260407155424.0
008 260407a2001 arg spa d
003 AR-UNSa-BCEJYS
040 _aAR-UNSa-BCEJYS
_bspa
_cAR-UNSa-BCEJYS
080 _a17
_xFilosofía moral. Ética. Filosofía práctica
245 1 0 _aÉtica y deontología
264 1 _aSalta :
_bUniversidad Nacional de Salta. Facultad de Ciencias Económicas, Jurídicas y Sociales
_c2001
300 _a170 p.
_c21 cm.
942 _cBK
590 _aniveau_biblio:m niveau_hierar:0
100 1 _aWierna, Gustavo Enrique
999 _c276
_d276